000 00634nam a22001937a 4500
005 20180228143252.0
010 _aENG-122310
020 _a9789350301104
_c2250.00
035 _aEN-105842
037 _bDBAD/PUB
082 _a333.7071
100 _aSharma, Shweta
245 _aBasic environment education /
_cby Shweta Sharma
260 _aNew Delhi
_bOxford Book Company
_c2012
270 _a102, 1st floor, Satyam house, 4327/3, Ansari Road daryaganj
_bNew Delhi
_e110002
_k01143001483
_moxfordbook@sify.com
300 _a304p.
_c25cm(Hbk)
500 _aIt includes index
942 _2ddc
_cEN
_h333.7071
_mSHA
999 _c150214
_d150214